000 00991nam a22002417a 4500
999 _c9020
_d9020
003 AR-CdUCM
008 190327b ||||| |||| 00| 0 spa d
040 _aMUNICIPALIDAD PROVINCIAL DEL CUSCO
_cBIBLIOTECA MUNICIPAL DEL CUSCO
041 _hfr.
082 _a617.37 /
_bB36
100 _aBeapure, G.
_924964
245 _aLa escoliosis :
_bTratamiento y reecaudación /
260 _aMéxico :
_bTalleres Gráficos Toledo,
_c1964.
300 _a89 paginas ;
_c17 cm.
505 _aContenido :Papel de la recaudacion en el tratamiento de la escoliasis, por P. Queneau --El metodo de Klapp en la escoliasis, por R.Waghe Macker --Tecnicas de recaudacion de la escoliosis en la niñez hasta los quince años, por el Dr.. Y.l4e Grand Lambling ...
650 _aEscoliósis
_924965
650 _aTratamiento
_920821
700 _aL.Charriere
_924966
700 _aY.Legrand -Lambling
_924967
700 _aGardy Sai8nt-Remy Conde (traductor)
_924968
942 _2ddc
_cLIBROS
945 _arjall